Autobahn von Österreich erraten - Statistiken

Allgemein
  • Dieses Quiz wurde 29 mal gespielt
  • Das Durchschnittsergebnis liegt bei 11 aus 19
Antwortstatistiken
Bildquiz Antwort % Korrekt
West-Autobahn
84%
Süd-Autobahn
80%
Brenner-Autobahn
72%
Ost-Autobahn
68%
Tauern-Autobahn
68%
Nord-Autobahn
64%
Südost-Autobahn
64%
Innkreis-Autobahn
60%
Inntal-Autobahn
60%
Karawanken-Autobahn
56%
Nordost-Autobahn
56%
Pyhrn-Autobahn
56%
Rheintal/ Walgau-Autobahn
52%
Wiener-Außenring-Autobahn
52%
Donauufer-Autobahn
48%
Mühlkreis-Autobahn
48%
Welser-Autobahn
48%
Linzer-Autobahn
40%
Südosttangente-Autobahn
12%
Keine übereinstimmenden Quizze gefunden
Verteilung der Resultate
Anzahl Personen mit jedem Resultat
Perzentil nach korrekt beantworteten Fragen
Ihre Resultats-Entwicklung
Sie haben dieses Quiz noch nicht gespielt